Statistics for Math Symbols Quiz

Click here to take the quiz!

General Stats

  • This quiz has been taken 43 times
  • The average score is 5 of 15

Answer Stats

HintAnswer% Correct
infinity
100%
| x |absolute value
74%
n!factorial
63%
union
49%
for all
26%
therefore
26%
proportional to
23%
much greater than
20%
product of a series
20%
congruent to
17%
equivalent/if and only if
17%
¬not
17%
or
11%
∃!there exists exactly one
9%
[a,b]closed interval
6%

Score Distribution

Percentile by Number Answered

Percent of People with Each Score

Your Score History

You have not taken this quiz